India's Struggle for Independence: 1857-1947 (Record no. 1335)

MARC details
000 -LEADER
fixed length control field 00359nam a22001337a 4500
008 - FIXED-LENGTH DATA ELEMENTS--GENERAL INFORMATION
fixed length control field 260427b |||||||| |||| 00| 0 eng d
020 ## - INTERNATIONAL STANDARD BOOK NUMBER
International Standard Book Number 978-0140107814
082 ## - DEWEY DECIMAL CLASSIFICATION NUMBER
Classification number 002019
100 ## - MAIN ENTRY--PERSONAL NAME
Personal name Chandra,Bipan et al
245 ## - TITLE STATEMENT
Title India's Struggle for Independence: 1857-1947
260 ## - PUBLICATION, DISTRIBUTION, ETC.
Place of publication, distribution, etc. Penguin Random House India
Name of publisher, distributor, etc. Gurugram
Date of publication, distribution, etc. 2016
300 ## - PHYSICAL DESCRIPTION
Extent 600p
942 ## - ADDED ENTRY ELEMENTS (KOHA)
Source of classification or shelving scheme Dewey Decimal Classification
Holdings
Withdrawn status Lost status Source of classification or shelving scheme Damaged status Not for loan Home library Current library Shelving location Date acquired Source of acquisition Inventory number Total Checkouts Full call number Barcode Date last seen Price effective from
    Dewey Decimal Classification     Karnataka Samskrit University Library Karnataka Samskrit University Library General Stacks 03/31/2026 Book Paradise 11654   002019 002019 04/27/2026 04/27/2026
    Dewey Decimal Classification     Karnataka Samskrit University Library Karnataka Samskrit University Library General Stacks 03/31/2026 Book Paradise 11654   002019 002020 04/27/2026 04/27/2026
    Dewey Decimal Classification     Karnataka Samskrit University Library Karnataka Samskrit University Library General Stacks 03/31/2026 Book Paradise 11654   002019 002021 04/27/2026 04/27/2026

Powered by Koha